Evaluación de la producción del calcio en la fabrica el ESKIMO.
En este trabajo se evaluó la producción de cloruro de calcio en la fábrica "EL ESKIMO".
| Main Author: | |
|---|---|
| Other Authors: | |
| Format: | Tesis Section = Libro |
| Language: | Undetermined Spanish |
| Published: |
Managua
UNI
1986
|
| Subjects: |
| LEADER | 00683nam a2200205Ia 4500 | ||
|---|---|---|---|
| 008 | 240830s9999 xx 000 0 und d | ||
| 040 | |a CEDOC DACA-RUSB / Mon 637.4 M798 | ||
| 041 | |a spa | ||
| 082 | |a Mon 637.4 M798 | ||
| 100 | 1 | |a Montoya Urbina, Maritza. | |
| 245 | 1 | 0 | |a Evaluación de la producción del calcio en la fabrica el ESKIMO. |
| 260 | |a Managua |b UNI |c 1986 | ||
| 300 | |a 123 p. :il | ||
| 502 | |a Tesis (Ingeniero Químico) -UNI, 1986. | ||
| 520 | 3 | |a En este trabajo se evaluó la producción de cloruro de calcio en la fábrica "EL ESKIMO". | |
| 650 | 7 | |a PROCESOS - QUIMICOS | |
| 700 | 1 | |a Tutor: |b De la Torre, Irma | |
| 942 | |c BK |2 ddc | ||
| 991 | |a TESIS | ||
| 999 | |c 25954 | ||